000 00296nam a2200109Ia 4500
008 220214s9999 xx 000 0 und d
100 _aSurugue C
245 0 _aDistribution of carbon-black in the NR/BR associations
260 _bCaoutchoucs et Plastiques
_c1987
300 _a139-143
942 _cRE
999 _c46048
_d46048